000 00580nam a22001577a 4500
003 OSt
005 20151118153708.0
008 151118b xxu||||| |||| 00| 0 eng d
040 _cRUA
082 _aFIS ឡាំ 1994 B155 Or.1
100 _93880
_aឡាំ ខ័នណាឬទ្ធិ
245 _aការវាយតំលៃវារីវប្បកម្មតាមស្រះអមផ្លូវនៅប៉ែកអគ្នេយ៍ប្រទេសកម្ពុជា
260 _aPhnom Penh
_bRUA
_c1994
300 _a114p.
_bill.
_c29cm.
942 _2ddc
_cFIS
999 _c3607
_d3607